[Event "San Francisco TNM Fall op"]
[Site "San Francisco"]
[Date "2009.12.15"]
[Round "9"]
[White "Chen, Max"]
[Black "Stipins, Janis"]
[Result "1-0"]
[WhiteElo "1726"]
[BlackElo "1511"]
[PlyCount "91"]
[EventDate "2009.10.20"]
[EventType "swiss"]
[EventRounds "9"]
[EventCountry "USA"]
[SourceTitle "EXT 2012"]
[Source "ChessBase"]
[SourceDate "2011.11.24"]
[SourceVersion "1"]
[SourceVersionDate "2011.11.24"]
[SourceQuality "1"]

1. d4 Nf6 2. c4 e6 3. Nf3 b6 4. Nc3 Bb4 5. a3 Bxc3+ 6. bxc3 Bb7 7. Bg5 0-0 8. Qc2 d5 9. e3 Nbd7 10. Bd3 Qc8 11. cxd5 exd5 12. Bf5 Qe8 13. 0-0 Ne4 14. Bf4 Nd6 15. Bxh7+ Kh8 16. Ng5 g6 17. f3 Kg7 18. h4 Rh8 19. h5 Rxh7 20. Nxh7 Kxh7 21. hxg6+ fxg6 22. Kf2 Qf7 23. Rh1+ Kg7 24. Bh6+ Kg8 25. Rh4 Qf5 26. Qb3 Re8 27. Rf4 Qd3 28. e4 Qc4 29. Qc2 dxe4 30. Re1 Nf5 31. Bg5 e3+ 32. Kg1 Qe6 33. g4 Ng7 34. c4 Bxf3 35. d5 Qe5 36. Qxg6 Be4 37. Qf7+ Kh8 38. Rxe4 Qg3+ 39. Kf1 Rf8 40. Qxf8+ Nxf8 41. R1xe3 Qh2 42. Rf4 Ng6 43. Rf6 Ne5 44. Rh6+ Qxh6 45. Bxh6 Nxc4 46. Re7 1-0

[Event "San Francisco TNM Fall op"]
[Site "San Francisco"]
[Date "2009.12.08"]
[Round "8"]
[White "Stipins, Janis"]
[Black "Van Gorder, Neil"]
[Result "1-0"]
[WhiteElo "1511"]
[BlackElo "1462"]
[PlyCount "62"]
[EventDate "2009.10.20"]
[EventType "swiss"]
[EventRounds "9"]
[EventCountry "USA"]
[SourceTitle "EXT 2012"]
[Source "ChessBase"]
[SourceDate "2011.11.24"]
[SourceVersion "1"]
[SourceVersionDate "2011.11.24"]
[SourceQuality "1"]

1. e4 c5 2. Nf3 g6 3. c3 d5 4. e5 Bg7 5. d4 cxd4 6. cxd4 Nc6 7. Bb5 e6 8. 0-0 Nge7 9. Bg5 0-0 10. Qd2 Qb6 11. Nc3 a6 12. Ba4 Qc7 13. Rac1 b5 14. Bb3 Qb6 15. Rfd1 Bd7 16. Bf6 h6 17. Ne2 Rfe8 18. g4 Na5 19. h4 Nxb3 20. axb3 Kh7 21. Ng3 Bxf6 22. exf6 Nc6 23. h5 gxh5 24. Ng5+ Kg6 25. gxh5+ Kxf6 26. Qf4+ Ke7 27. Nh7 f5 28. Qxh6 Kd8 29. Nf6 Re7 30. Qf8+ Be8 31. Nxe8 Kc8 1-0

[Event "San Francisco TNM Fall op"]
[Site "San Francisco"]
[Date "2009.12.01"]
[Round "7"]
[White "Dembling, Arthur"]
[Black "Stipins, Janis"]
[Result "1-0"]
[WhiteElo "1729"]
[BlackElo "1511"]
[PlyCount "41"]
[EventDate "2009.10.20"]
[EventType "swiss"]
[EventRounds "9"]
[EventCountry "USA"]
[SourceTitle "EXT 2012"]
[Source "ChessBase"]
[SourceDate "2011.11.24"]
[SourceVersion "1"]
[SourceVersionDate "2011.11.24"]
[SourceQuality "1"]

1. e4 c5 2. Nf3 d6 3. Bb5+ Bd7 4. Bxd7+ Qxd7 5. 0-0 Nc6 6. c3 Nf6 7. d4 cxd4 8. cxd4 Nxe4 9. d5 Ne5 10. Re1 Nxf3+ 11. Qxf3 Nf6 12. Nc3 0-0-0 13. a4 Kb8 14. Be3 Qg4 15. Bxa7+ Ka8 16. Qe3 Qc4 17. Red1 e6 18. dxe6 fxe6 19. Rac1 Qa6 20. Nb5 Rd7 21. Rc8# 1-0

[Event "San Francisco TNM Fall op"]
[Site "San Francisco"]
[Date "2009.11.10"]
[Round "4"]
[White "Stipins, Janis"]
[Black "MacIntyre, Brendan"]
[Result "1-0"]
[WhiteElo "1511"]
[BlackElo "1667"]
[PlyCount "39"]
[EventDate "2009.10.20"]
[EventType "swiss"]
[EventRounds "9"]
[EventCountry "USA"]
[SourceTitle "EXT 2012"]
[Source "ChessBase"]
[SourceDate "2011.11.24"]
[SourceVersion "1"]
[SourceVersionDate "2011.11.24"]
[SourceQuality "1"]

1. e4 c5 2. Nf3 Nc6 3. c3 d5 4. exd5 Qxd5 5. Be2 Nf6 6. 0-0 g6 7. d4 cxd4 8. cxd4 Bg7 9. Nc3 Qd8 10. d5 Nb8 11. Bf4 0-0 12. Rc1 Nbd7 13. Nb5 a6 14. Nc7 Ra7 15. d6 Ne8 16. Nd5 exd6 17. Rxc8 Qa5 18. Bxd6 Nxd6 19. Ne7+ Kh8 20. Qxd6 1-0

[Event "San Francisco TNM Fall op"]
[Site "San Francisco"]
[Date "2009.11.03"]
[Round "3"]
[White "Argishti, Dante"]
[Black "Stipins, Janis"]
[Result "1-0"]
[WhiteElo "2032"]
[BlackElo "1511"]
[PlyCount "23"]
[EventDate "2009.10.20"]
[EventType "swiss"]
[EventRounds "9"]
[EventCountry "USA"]
[SourceTitle "EXT 2012"]
[Source "ChessBase"]
[SourceDate "2011.11.24"]
[SourceVersion "1"]
[SourceVersionDate "2011.11.24"]
[SourceQuality "1"]

1. c4 Nf6 2. Nf3 e6 3. d4 b6 4. Nc3 Bb4 5. Qb3 c5 6. a3 Ba5 7. dxc5 Ne4 8. Bd2 Nxd2 9. Nxd2 bxc5 10. Nde4 Qc7 11. e3 Bb7 12. Qxb7 1-0

[Event "San Francisco TNM Fall op"]
[Site "San Francisco"]
[Date "2009.10.20"]
[Round "1"]
[White "Stipins, Janis"]
[Black "Andries, Craig"]
[Result "1-0"]
[WhiteElo "1511"]
[BlackElo "1932"]
[PlyCount "95"]
[EventDate "2009.10.20"]
[EventType "swiss"]
[EventRounds "9"]
[EventCountry "USA"]
[SourceTitle "EXT 2012"]
[Source "ChessBase"]
[SourceDate "2011.11.24"]
[SourceVersion "1"]
[SourceVersionDate "2011.11.24"]
[SourceQuality "1"]

1. e4 d6 2. d4 Nf6 3. Nc3 g6 4. Be3 c6 5. Bd3 a5 6. h4 h5 7. Qd2 Ng4 8. Bg5 Bg7 9. f3 Nf6 10. Nge2 Na6 11. 0-0-0 Nb4 12. Bc4 b5 13. e5 dxe5 14. dxe5 Qxd2+ 15. Rxd2 Nh7 16. Nxb5 Bxe5 17. Rhd1 Bf5 18. Nbd4 Nxg5 19. hxg5 Bd7 20. f4 Bd6 21. Nf3 Bg4 22. Ne5 Bxe5 23. fxe5 Nd5 24. Rf1 0-0 25. Nd4 Ne3 26. Nxc6 Nxf1 27. Nxe7+ Kg7 28. Bxf1 Rad8 29. Nc6 Rxd2 30. Kxd2 Be6 31. a3 Bd5 32. Nd4 Re8 33. c4 Bb7 34. c5 Rxe5 35. c6 Bc8 36. b4 axb4 37. axb4 Rxg5 38. b5 Re5 39. b6 Re7 40. Kc3 Kf6 41. Kc4 Ke5 42. Kc5 f5 43. Nb5 Ba6 44. Nd6 Bxf1 45. b7 Bxg2 46. b8Q f4 47. Nc8+ Kf6 48. Qxf4+ 1-0